| LEADER 00000nam 2200000uu 4500 |
| 001 211527 |
| 003 ULIBM |
| 008 170419s||||||||th 000 0 tha d |
| 020 ^a9786163355652
|
| 060 04 ^aWQ209^bธ523ค 2556
|
| 100 0 ^aธารางรัตน์ หาญประเสริฐพงษ์
|
| 245 10 ^aคลื่นเสียงความถี่สูงในภาวะฉุกเฉินทางสูตินรีเวชกรรม =^bUltrasound inobstetrics and gynecological emergency /^cธารางรัตน์ หาญประเสริฐพงษ์
|
| 246 31 ^aUltrasound in obstetrics and gynecological emergency
|
| 250 ^aพิมพ์ครั้งที่ 2
|
| 260 ^aสงขลา :^bหน่วยผลิตตำราคณะแพทยศาสตร์ มหาวิทยาลัยสงขลานครินทร์,^c2556, [2013]
|
| 300 ^a146 หน้า :^bภาพประกอบ ;^c26 ซม.
|
| 650 4 ^aนรีเวชวิทยา^xการวินิจฉัยด้วยคลื่นเหนือเสียง
|
| 650 4 ^aนรีเวชวิทยา^xการบันทึกคลื่นเสียงความถี่สูง
|
| 650 4 ^aภาวะฉุกเฉินทางสูติศาสตร์
|
| 650 4 ^aภาวะแทรกซ้อนขณะมีครรภ์
|
| 650 4 ^aสูติศาสตร์^xการวินิจฉัยด้วยคลื่นเหนือเสียง
|
| 650 4 ^aสูติศาสตร์^xการบันทึกคลื่นเสียงความถี่สูง
|
| 710 2 ^aมหาวิทยาลัยสงขลานครินทร์.^bคณะแพทยศาสตร์.^bหน่วยผลิตตำรา
|
| 856 ^zคลื่นเสียงความถี่สูง.pdf (สารบัญหนังสือ)^uhttp://43.133.101.113/ULIB62015//_fulltext/5/211527/20170516154942_3821.pdf |
| 999 ^aใช้งานได้ทุกระบบ
|